| 000 | 00000nam##2200000za#4500 |
| 001 | 9.663116 |
| 003 | CaOODSP |
| 005 | 20200330092116 |
| 007 | ta |
| 008 | 150407|2001||||xxc||||| f|0| 0 fre|d |
| 020 | |a0-662-66014-5 |
| 040 | |aCaOODSP|bfre |
| 041 | |aeng |
| 041 | |afre |
| 043 | |an-cn--- |
| 086 | 1 |aEn40-644/2001 |
| 110 | 1 |aCanada. |bEnvironnement Canada. |bService de la protection de l'environnement. |
| 245 | 10|aProblématique du benzène dans l'est de Montréal / |cpar André Germain, Jacques Rousseau et Tom Dann. Publié par Direction de la protection de l'environnement, région du Québec. |
| 260 | |aMontréal - Québec : |bEnvironnement Canada. |c2001. |
| 300 | |aTexte français, iv, 17p. : |bfigures, références, tableaux ; |c28 cm. |
| 563 | |aReliure à anneaux |
| 590 | |a02-31|b2002-08-02 |
| 691 | 07|aÉvaluation environnementale|2gcpds |
| 691 | 07|aPollution atmosphérique|2gcpds |
| 691 | 07|aProduit toxique|2gcpds |
| 720 | 1 |aRousseau, Jacques |
| 720 | 1 |aGermain, André |
| 720 | 1 |aDann, Tom |
| 776 | 0#|tProblématique du benzène dans l'est de Montréal / |w(CaOODSP)9.630729 |
| 776 | 0#|tIssues related to benzene in eastern Montreal / |w(CaOODSP)9.686241 |
| 791 | |tIssues related to benzene in eastern Montreal / |eeng|w(CaOODSP)9.663115 |